Central Library OPAC University of Rajshahi

বাংলাদেশে সংসদীয় ব্যবস্থায় বিরোধী দলের ভূমিকা (১৯৭৩-১৯৯৫) : (Record no. 77787)

MARC details
000 -LEADER
fixed length control field 02151nam a2200313 a 4500
001 - CONTROL NUMBER
control field 77787
003 - CONTROL NUMBER IDENTIFIER
rucl marc code BD-RjUL
005 - DATE AND TIME OF LATEST TRANSACTION
control field 20211209083026.0
008 - FIXED-LENGTH DATA ELEMENTS--GENERAL INFORMATION
fixed length control field 210112s2007 bg ||||| m||| 00| 0 ben d
035 ## - SYSTEM CONTROL NUMBER
System control number (BD-RjUL)78013
040 ## - CATALOGING SOURCE
Original cataloging agency BD-RjUL
Language of cataloging ben /eng
Transcribing agency BD-RjUL
Modifying agency BD-RjUL
041 ## - LANGUAGE CODE
Language code of text/sound track or separate title ben
082 ## - DEWEY DECIMAL CLASSIFICATION NUMBER
Classification number 328.5492
Author mark and year AKB 2007
Edition number 23
100 ## - MAIN ENTRY--PERSONAL NAME
Personal name আখতার, শিরীন
9 (RLIN) 243519
245 10 - TITLE STATEMENT
Title বাংলাদেশে সংসদীয় ব্যবস্থায় বিরোধী দলের ভূমিকা (১৯৭৩-১৯৯৫) :
Remainder of title একটি পর্যালোচনা /
Statement of responsibility, etc. শিরীন আখতার ;
Linkage প্রিন্সিপাল সুপারভাইজার : মো. আনসার উদ্দীন ; কো-সুপারভাইজার: মো. রুহুল আমিন
260 ## - PUBLICATION, DISTRIBUTION, ETC. (IMPRINT)
Place of publication, distribution, etc. রাজশাহী :
Name of publisher, distributor, etc. রাষ্ট্রবিজ্ঞান বিভাগ, রাজশাহী বিশ্ববিদ্যালয়,
Date of publication, distribution, etc. ২০০৭
300 ## - PHYSICAL DESCRIPTION
Pagination xx, ২৪০ পাতা ;
Size ২৯ সেমি.
502 ## - DISSERTATION NOTE
Dissertation note থিসিস (পিএইচ. ডি) -- রাষ্ট্রবিজ্ঞান বিভাগ, রাজশাহী বিশ্ববিদ্যালয়, ২০০৭
504 ## - BIBLIOGRAPHY, ETC. NOTE
Bibliography, etc গ্রন্থপঞ্জী : পাতা [২২১]-২৪০
650 ## - SUBJECT ADDED ENTRY--TOPICAL TERM
Topical term or geographic name as entry element বিরোধী (রাষ্ট্রবিজ্ঞান)
Geographic subdivision বাংলাদেশ
9 (RLIN) 243540
Topical term or geographic name as entry element Opposition (Political science)
Geographic subdivision Bangladesh
9 (RLIN) 243541
Topical term or geographic name as entry element রাজনৈতিক দল
Geographic subdivision বাংলাদেশ
9 (RLIN) 243542
Topical term or geographic name as entry element Political parties
Geographic subdivision Bangladesh.
9 (RLIN) 243543
651 ## - SUBJECT ADDED ENTRY--GEOGRAPHIC NAME
Geographic name বাংলাদেশ
General subdivision রাজনীতি এবং সরকার
Chronological subdivision ১৯৭৩-১৯৯৫
9 (RLIN) 243520
Source of heading or term Bangladesh
Geographic name Politics and government
Form subdivision 1973-1995
9 (RLIN) 243521
700 ## - ADDED ENTRY--PERSONAL NAME
Personal name উদ্দীন, মো. আনসার, প্রিন্সিপাল সুপারভাইজার
Personal name আমিন, মো. রুল্হল, কো-সুপারভাইজার
942 ## - ADDED ENTRY ELEMENTS (KOHA)
Source of classification or shelving scheme Dewey Decimal Classification
Koha item type Theses
Holdings
Lost status Source of classification or shelving scheme Damaged status Not for loan Collection code Permanent Location Current Location Shelving location Date acquired Source of acquisition Total Checkouts Full call number Date last seen Copy number Koha item type
  Dewey Decimal Classification   Not For Loan Theses Central Library, University of Rajshahi Central Library, University of Rajshahi Documentation Section 16/08/2009 Controller of Exam, R.U.   BTHE 328.5492 AKB 2007 12/01/2021 C-1 Theses